Les forêts de la Gaule et de l'ancienne France; (Record no. 23022)

MARC details
000 -LEADER
fixed length control field 00793cam a22002051 4500
001 - CONTROL NUMBER
control field f 01003230
003 - CONTROL NUMBER IDENTIFIER
control field DLC
005 - DATE AND TIME OF LATEST TRANSACTION
control field 20260227111245.0
008 - FIXED-LENGTH DATA ELEMENTS--GENERAL INFORMATION
fixed length control field 760527s1867 fr 001 0 fre
010 ## - LIBRARY OF CONGRESS CONTROL NUMBER
LC control number f 01003230
035 ## - SYSTEM CONTROL NUMBER
System control number (OCoLC)2198144
040 ## - CATALOGING SOURCE
Original cataloging agency DLC
Transcribing agency OClW
Modifying agency OCoLC
-- DLC
042 ## - AUTHENTICATION CODE
Authentication code premarc
050 00 - LIBRARY OF CONGRESS CALL NUMBER
Classification number SD193
Item number .M46
100 1# - MAIN ENTRY--PERSONAL NAME
Personal name Maury, L.-F.-Alfred
Fuller form of name (Louis-Ferdinand-Alfred),
Dates associated with a name 1817-1892.
245 04 - TITLE STATEMENT
Title Les forêts de la Gaule et de l'ancienne France;
Remainder of title aperçu sur leur histoire, leur topographie et la législation qui les a régies, suivi d'un tableau alphabétique des forêts et des bois principaux de l'Empire français,
Statement of responsibility, etc. par L. F. Alfred Maury ...
260 ## - PUBLICATION, DISTRIBUTION, ETC.
Place of publication, distribution, etc. Paris,
Name of publisher, distributor, etc. Ladrange,
Date of publication, distribution, etc. 1867.
300 ## - PHYSICAL DESCRIPTION
Extent vii, 501 p.
Dimensions 22 cm.
650 #0 - SUBJECT ADDED ENTRY--TOPICAL TERM
Topical term or geographic name entry element Forests and forestry
Geographic subdivision France.

No items available.

Powered by Koha